header

The idea of biblical interpretation (Record no. 51852)

MARC details
000 -LEADER
fixed length control field 01576nam a22003614a 4500
082 04 - DEWEY DECIMAL CLASSIFICATION NUMBER
Classification number 221.6
245 04 - TITLE STATEMENT
Title The idea of biblical interpretation
260 ## - PUBLICATION, DISTRIBUTION, ETC. (IMPRINT)
Place of publication Leiden ;
-- Boston :
Name of publisher Brill,
Year of publication 2004.
300 ## - PHYSICAL DESCRIPTION
Number of Pages xx, 603 p.
490 1# - SERIES STATEMENT
Series statement Supplements to the Journal for the study of Judaism,
650 #0 - SUBJECT ADDED ENTRY--TOPICAL TERM
Topical Term Rabbinical literature
700 1# - ADDED ENTRY--PERSONAL NAME
Personal name Kugel, James L.
Personal name Najman, Hindy.
Personal name Newman, Judith H.
856 40 - ELECTRONIC LOCATION AND ACCESS
Uniform Resource Identifier http://site.ebrary.com/lib/rucke/Doc?id=10089766

No items available.

© 2026 Rongo University
Contact us: librarian | system librarian | Rongo university